The American Dream is Killing Me - Green Day - Lyrics - Statistics

General Stats
  • This quiz has been taken 13 times
  • The average score is 181 of 222
Answer Stats
% Correct
a
100%
am
100%
American
100%
are
100%
Are
100%
Dream
100%
I
100%
is
100%
killin'
100%
me
100%
me,
100%
The
100%
the
100%
all
89%
an
89%
[Bridge]
89%
[Chorus]
89%
conspiracy
89%
faithful
89%
for
89%
Forever
89%
Goddamn,
89%
grateful
89%
[Guitar Solo]
89%
home
89%
home?
89%
[Interlude]
89%
it's
89%
It's
89%
no
89%
not
89%
[Pre-Chorus]
89%
so
89%
to
89%
[Verse 1]
89%
[Verse 2]
89%
[Verse 3]
89%
We
89%
we
89%
When
89%
when
89%
you
89%
and
78%
dead
78%
Don't
78%
I'm
78%
in
78%
inside
78%
Kiss
78%
masses
78%
on
78%
On
78%
private
78%
taxes
78%
TikTok
78%
well
78%
well?
78%
We're
78%
Who
78%
your
78%
Bulldoze
67%
condo
67%
country
67%
Did
67%
double-talk
67%
family
67%
gettin'
67%
My
67%
needs
67%
Now
67%
of
67%
out
67%
pedophiles
67%
People
67%
property
67%
Send
67%
serious
67%
S.O.S.
67%
street
67%
suicide
67%
want
67%
broken
56%
ever
56%
glass
56%
huddled
56%
note?
56%
obsolete
56%
overpass
56%
ransom
56%
read
56%
siege
56%
Sleepin'
56%
Under
56%
under
56%
Unemployed
56%
up
56%
beach
44%
From
44%
insanity
44%
into
44%
learn
44%
oh,
44%
oh
44%
Say!
44%
sea
44%
shinin'
44%
upon
44%
Whitewashed
44%
wild
44%
Woah,
44%
Cracked
33%
oh-oh
33%
Cha!
11%
No matching quizzes found
Score Distribution
Percent of People with Each Score
Percentile by Number Answered
Your Score History
You have not taken this quiz